[Event "Lausanne YM 5th"]
[Site "Lausanne"]
[Date "2004.09.17"]
[Round "2.1"]
[White "Kosteniuk, Alexandra"]
[Black "Lagno, Kateryna"]
[Result "0-1"]
[WhiteElo "2511"]
[BlackElo "2472"]
[Annotator "Huzman,A"]
[PlyCount "50"]
[EventDate "2004.09.15"]
[EventType "k.o."]
[EventRounds "3"]
[EventCountry "SUI"]
[SourceTitle "CBM 104"]
[Source "ChessBase"]
[SourceDate "2005.01.27"]
[SourceVersion "1"]
[SourceVersionDate "2005.01.27"]
[SourceQuality "1"]

1. e4 e5 2. Nf3 Nf6 3. Nxe5 d6 4. Nf3 Nxe4 5. d4 d5 6. Bd3 Nc6 7. O-O Be7 8.
Re1 Bg4 9. c4 Nf6 10. cxd5 Bxf3 11. Qxf3 Qxd5 12. Qg3 Qxd4 (12... O-O-O 13. Nc3
Qd7 14. Bb5 Bd6 15. Qd3 Bb4 16. a3 Ba5 17. Bxc6 Qxc6 18. Qf5+ {1-0 Martin
Gonzalez,A-Clari Mascarell,J/Benidorm 1993/EXT 97 (18)}) (12... O-O 13. Be3 Bd6
14. Qh4 Rfe8 15. Nc3 Qh5 16. Qxh5 Nxh5 17. Bb5 $16 {1-0 Kononenko,D-Smirnov,I/
Alushta 2002/EXT 2003 (54)}) 13. Nc3 (13. Qxc7 O-O 14. Rd1 Rac8 (14... Ne4 15.
Qf4 Rfd8 16. Nc3 Nxc3 17. Qxd4 Ne2+ 18. Bxe2 Nxd4 19. Be3 Nxe2+ 20. Kf1 Ng3+
21. hxg3 {1/2-1/2 Malmstrom,J-Benko,B/Chessfriend.com 2004/Telechess CBM 101 
(21)}) 15. Qg3 Ne5 16. Nc3 Nxd3 17. Rxd3 Qb6 $11 {1/2-1/2 Malmstrom,
J-Bourgault,P/IECG 2001/Complete 2001 (24)}) 13... O-O (13... Rd8 14. Bb5 Rd7
15. Qxg7 Rg8 16. Qh6 Ng4 $6 17. Qf4 Kd8 18. Qxd4 Rxd4 19. Bxc6 $16 {1/2-1/2
Huebner,R-Smyslov,V/Velden (m/1) 35/403 1983/[Kavalek,L] (55)}) 14. Nb5 (14.
Rd1 Qg4 (14... Bd6 $5 15. Qh3 Qe5 16. Be3 Rfe8 $15) 15. Qxc7 Nd5 16. Bxh7+ Kxh7
17. Rxd5 Nb4 18. Re5 Nc2 19. Rb1 Rad8 20. Qxe7 (20. h3 $1 Rd1+ 21. Nxd1 Qxd1+
22. Kh2 Bd6 23. Bf4 $16) 20... Rd1+ 21. Nxd1 Qxd1+ 22. Re1 Nxe1 $17 {1/2-1/2
Boey,J-Kuijpers,F/Roosendaal 1983/EXT 2001 (31)}) 14... Qg4 (14... Qd7 15. Rd1
Qg4 16. Qxg4 Nxg4 17. Be2 (17. Bf5 Nf6 18. Bf4 a6 {1/2-1/2 Borgstaedt,
M-Boesken,C/Duisburg 1986/EXT 2003 (18)}) 17... Nf6 18. Nxc7 Rac8 (18... Rad8
19. Be3 a6 (19... Bd6 20. Nb5 Be5 21. Nxa7 Nd4 22. Bd3 Ng4 23. Bg5 Bxh2+ 24.
Kf1 Rd5 $14 {1-0 Kasparov,G-Wolff,P/New York/London 1984/EXT 2003 (34)}) 20.
Bf3 Rxd1+ 21. Rxd1 Rd8 $14 {1/2-1/2 Gonzalez,R-Perez,R/CUB 1997/EXT 99 (59)})
19. Bf4 g5 20. Bg3 h5 21. h4 (21. Nb5 $5 h4 22. Bd6 Rfe8 $11) 21... gxh4 22.
Bf4 Rfd8 $11 {1/2-1/2 Kerekes,J-Nagley,T/IECC 2002/Telechess CBM 97 (36)}) (
14... Qb4 15. Bg5 Nh5 16. Bxe7 Nxg3 17. Bxb4 Nxb4 18. Rad1 Nh5 19. Nxc7 Rac8
20. Nb5 $11 {0-1 Shaplyko,A-Balogh,T/Zagan 1995/EXT 97 (37)}) 15. Bf4 {This
game shows that this plan is mistaken for White.} (15. Nxc7 Rad8 16. Qxg4 Nxg4
17. Be2 Nge5 18. Be3 Nb4 19. Rec1 Ned3 $11 {0-1 Levacic,P-Sarthou,G/Cannes
1995/CBM 46 ext (28)}) (15. Qxg4 Nxg4 16. Bf5 (16. Be2 $1 $11) 16... Nf6 17.
Nxc7 Rad8 $15 {0-1 Sax,G-Jussupow,A/Thessaloniki (ol) 38/421 1984/[Jussupow,A]
(36)}) (15. Qxc7 Bc5 $1 $40) 15... Qxg3 16. Bxg3 Rad8 17. Rad1 Bb4 18. Rf1 a6
19. Nxc7 Ba5 20. Bb1 $2 (20. a3 Rd7 (20... Nh5 21. Nd5 Nxg3 22. hxg3 Rxd5 23.
Bxh7+ Kxh7 24. Rxd5 $15) 21. Bf5 Rxc7 22. b4 Bb6 $17 {1/2-1/2 Andersson,U-Bang,
E/NBC Email 1999/ICCF Telechess (40)}) 20... Nd4 {[%cal Yd4e2]} 21. Bd3 (21.
Be5 Ne2+ 22. Kh1 Rxd1 23. Rxd1 Ng4 $19) (21. Kh1 Ne2 22. Bd6 Rxd6 23. Rxd6 Bxc7
$17) 21... Rd7 22. Be5 Rfd8 23. Rc1 Nc6 $19 24. Bf5 Re7 25. Bxf6 gxf6 (25...
gxf6 26. Nxa6 Nd4 $19) 0-1

[Event "FIDE-Wch k.o."]
[Site "New Delhi/Teheran"]
[Date "2000.12.01"]
[Round "2.2"]
[White "Adams, Michael"]
[Black "Dao, Thien Hai"]
[Result "1/2-1/2"]
[WhiteElo "2755"]
[BlackElo "2555"]
[Annotator "Huzman,A"]
[PlyCount "113"]
[EventDate "2000.11.27"]
[EventType "k.o."]
[EventRounds "7"]
[EventCountry "IND"]
[SourceTitle "CBM 081"]
[Source "ChessBase"]
[SourceDate "2001.03.20"]
[SourceVersion "1"]
[SourceVersionDate "2001.03.20"]
[SourceQuality "1"]

1. e4 e5 2. Nf3 Nf6 3. Nxe5 d6 4. Nf3 Nxe4 5. d4 d5 6. Bd3 Nc6 7. O-O Be7 8. c4
Nb4 9. Be2 O-O 10. Nc3 Bf5 11. a3 Nxc3 12. bxc3 Nc6 13. Re1 Bf6 14. Bf4 Na5 15.
cxd5 Qxd5 16. Ne5 (16. Qa4 b6 17. Bxc7 Rfc8 18. Be5 Qb3 19. Qb4 Rxc3 20. Bxf6
gxf6 21. Nh4 Bg6 22. Bf3 Rf8 23. Qe7 Kg7 24. d5 Nc4 25. d6 Ne5 26. Rad1 Rd3 27.
Be2 Rxd1 28. Rxd1 Qxa3 29. h3 $44 {1/2-1/2 Benjamin,J-Nielsen,P/Las Vegas USA
1999 (59)}) (16. Nd2 Qd7 17. Bf3 Rfe8 18. Ne4 Be7 19. Ng3 Bg6 20. Bg4 Qc6 21.
Bf3 Qd7 22. Ra2 Bf8 23. Rae2 Rxe2 24. Qxe2 c6 25. h4 h6 26. h5 Bh7 27. a4 Rd8
28. Bg4 $16 {1-0 Polgar,J-Nielsen,P/Las Vegas USA 1999 (38)}) (16. Bxc7 Rac8
17. Be5 Rxc3 18. Bxf6 gxf6 19. Rc1 Rxc1 20. Qxc1 Re8 21. Qc7 Bg6 22. h3 Kg7 23.
Bf1 Rxe1 24. Nxe1 Nb3 $11 {1/2-1/2 Sokolov,A-Nielsen Peter,H/Bundesliga 1998 
(30)}) (16. Bf1 b6 17. Ne5 Rad8 18. g4 Be4 19. Qe2 Bxe5 20. Bxe5 Nb3 21. Ra2
Bf3 22. Qe3 Na5 23. Rc2 f6 24. Bxc7 Rd7 25. Bg3 Bxg4 26. Bg2 Qb3 27. Rcc1 Qf7
28. d5 Qh5 29. c4 Nb7 30. a4 $36 {1-0 Anand,V-Sokolov,I/Kopavogur ISL 2000/ 
(56)}) 16... c5 17. Bg4 $1 (17. Bf3 Qb3 18. dxc5 Rad8 19. Qc1 Qa4 $132) 17...
Bxg4 18. Nxg4 Qd8 19. Nxf6+ (19. Qa4 cxd4 20. Nxf6+ Qxf6 21. Be5 Qa6 22. cxd4
b5 23. Qb4 Nc6 $11) 19... Qxf6 20. Be5 Qc6 21. dxc5 $14 (21. d5 Qd7 22. Qd3 b5
23. a4 (23. Qg3 f6 24. Bd6 Rfe8 25. Red1 Rac8 $17) 23... Nb3 24. Rad1 (24. Ra3
c4 25. Qg3 f6 26. Bd6 Rfe8 $17) 24... bxa4 25. c4 f6 26. Bc3 Rfe8 $15) 21...
Rfe8 22. Qg4 f6 23. Bd6 Rxe1+ 24. Rxe1 Re8 25. Rxe8+ Qxe8 26. h3 Nc6 {White
has clear advantage,but all their attempts to create an attack fail,as after
White advance their Kingside`s pawns,their King becomes too open.} 27. Kh2 g6
28. Qc4+ Kg7 29. Qb5 Qd7 30. f3 Kf7 31. Qb3+ Kg7 32. Qb5 Kf7 33. h4 Kg7 34. Qe2
Kf7 35. Qd2 Kg8 36. Qh6 Qf7 37. Qf4 Kg7 38. Qe4 Qd7 39. Kg3 Qf7 40. Qg4 Qe8 41.
Kf2 Kf7 42. Qf4 Kg7 43. Qc4 Qd7 44. g4 Qe8 45. Qd5 Qf7 46. c4 Na5 47. Bf4 Qe7
48. Bd2 Nc6 49. Bc3 Kf8 50. g5 fxg5 51. hxg5 Qc7 52. Kg2 Qe7 53. Kf1 Qe3 54.
Bf6 a6 55. Qd6+ Ke8 56. Qd5 Kf8 57. Qd6+ 1/2-1/2

[Event "FIDE-Wch k.o."]
[Site "New Delhi/Teheran"]
[Date "2000.12.03"]
[Round "3.1"]
[White "Morozevich, Alexander"]
[Black "Vladimirov, Yevgeniy"]
[Result "1-0"]
[WhiteElo "2756"]
[BlackElo "2598"]
[Annotator "Huzman,A"]
[PlyCount "97"]
[EventDate "2000.11.27"]
[EventType "k.o."]
[EventRounds "7"]
[EventCountry "IND"]
[SourceTitle "CBM 081"]
[Source "ChessBase"]
[SourceDate "2001.03.20"]
[SourceVersion "1"]
[SourceVersionDate "2001.03.20"]
[SourceQuality "1"]

1. e4 e5 2. Nf3 Nf6 3. Nxe5 d6 4. Nf3 Nxe4 5. Bd3 Nf6 6. h3 Be7 7. O-O (7. c3
Nbd7 8. Bc2 Ne5 9. d4 Nxf3+ 10. Qxf3 c6 11. O-O O-O 12. Re1 Be6 13. Nd2 Qd7 14.
Nf1 Rae8 15. Ng3 Bd8 16. Bg5 Nd5 17. Qd3 f5 18. Bd2 g6 19. Bh6 Rf7 20. Qf3 {
1/2-1/2 Lalic,B-Nikcevic,N/Paris FRA 2000/The Week in Chess 298 (20)}) 7... O-O
8. c3 c5 (8... d5 9. Bc2 Bd6 (9... h6 10. d4 Bd6 11. Re1 Re8 12. Rxe8+ Qxe8 13.
Nbd2 Nbd7 14. Nh4 g6 15. Nf1 Bf8 16. Qd3 Bg7 17. Ng3 c5 18. Bd2 cxd4 19. cxd4
Nf8 $11 {1-0 Sandipan,C-Barua,D/Guntur, AP IND 2000 (55)}) (9... Re8 10. d4 Bd6
11. Bg5 Nbd7 12. Nbd2 Nf8 13. Re1 Rxe1+ 14. Qxe1 h6 15. Bh4 Ng6 16. Bg3 Bxg3
17. fxg3 Nf8 18. g4 N6h7 19. Qe3 c6 20. Ne5 Be6 21. Ndf3 Qe7 22. Re1 Re8 23. h4
$36 {1/2-1/2 Shirov,A-Anand,V/Leon ESP 2000/(51)}) 10. d4 Ne4 11. Nbd2 f5 12.
Ne5 Nd7 13. Nxe4 fxe4 14. f3 Qe7 15. fxe4 Rxf1+ 16. Kxf1 Nxe5 17. dxe5 Bxe5 18.
Kg1 Be6 19. Qh5 Qc5+ 20. Kh1 d4 21. Bf4 {1-0 Soriano,J-Calvo,V/Valencia 1995 
(21)}) (8... Nbd7 9. Bc2 d5 10. d4 Ne4 11. Bf4 (11. Nbd2 f5 12. Re1 c6 13. Nf1
Bd6 14. Bd3 Ndf6 15. c4 Bb4 16. N1d2 Kh8 17. c5 b6 18. a3 Bxd2 19. Nxd2 bxc5
20. Bxe4 fxe4 21. dxc5 a5 $17 {0-1 Czarnota,D-Lysiak,M/Polanczyk POL 2000/The
Week in Chess 316 (34)}) 11... Ndf6 12. Ne5 Bf5 13. Re1 Nd6 14. Bxf5 Nxf5 15.
Nd2 Nd7 16. Qg4 Nxe5 17. Bxe5 g6 18. Nf1 Re8 19. Re2 Nd6 20. Rae1 f5 21. Qf4
Bg5 22. Qh2 Re6 23. Bxd6 Rxd6 24. f4 Bh4 25. g3 Bf6 26. Nd2 $14 {1-0 Czarnota,
D-Korosciel,A/Polanczyk POL 2000/The Week in Chess 316 (39)}) 9. Bc2 Nc6 10. d4
Be6 11. Re1 Qc8 (11... Qd7 12. Bg5 Bd5 (12... Nd5 13. c4 $18) 13. Qd3 (13. Bxf6
Bxf6 14. Nfd2 Rfe8 15. Rxe8+ Rxe8 16. Qh5 Qe6 17. Qxh7+ Kf8) 13... c4 14. Qe3
Rae8 15. Nbd2 $16 h6 $140 $2 16. Bxh6 gxh6 17. Qxh6 $18) (11... Qb6 $5 12. Ng5
(12. Qd3 cxd4 13. Bg5 g6 $11) 12... cxd4 13. Nxe6 fxe6 14. Rxe6 d5 $132) 12.
Bg5 Nd5 (12... Bf5 13. Na3 (13. Bb3 $5) 13... Bxc2 14. Nxc2 $14) 13. Na3 $1 $16
{/\14.c4} (13. c4 $2 Ndb4 14. d5 Nxc2 15. Qxc2 Bf5 16. Qb3 Nd4 (16... Bxg5 $2
17. dxc6 $18) 17. Nxd4 Bxg5 18. Nxf5 Qxf5 $15) 13... h6 (13... cxd4 14. Qd3 (
14. Bxe7 Ndxe7 15. Nxd4 $16) 14... g6 15. Bxe7 Ndxe7 16. Nxd4 $16) 14. Qd3 $1
Bf5 (14... f5 15. Bxe7 Ncxe7 16. Nc4 $16) 15. Qxf5 Qxf5 16. Bxf5 Bxg5 17. Be4
Nc7 (17... Nf4 18. dxc5 dxc5 19. Bxc6 bxc6 20. Ne5 Rfe8 21. Nac4 Re6 22. g3 $16
) 18. Bxc6 bxc6 19. dxc5 dxc5 20. Ne5 $16 {[%csl Rc5,Rc6][%mdl 100]} Rfd8 21.
Nac4 Rd5 22. Nxc6 $18 Kf8 23. a4 h5 24. a5 Nb5 {[%tqu "En","Find a desicive
combination for White.","","","c4b6","",10]} 25. Nb6 $1 axb6 26. axb6 Rxa1 27.
Rxa1 Nd6 28. h4 $1 (28. Ra8+ Ne8 29. b7 Bf4 30. g3 Rd7 31. Ra7 (31. gxf4 Rxb7
$16) 31... Rd1+ 32. Kg2 Bd6 33. b8=Q Bxb8 34. Nxb8 $16 {/+-}) 28... Ke8 (28...
Bf4 29. g3 $18) (28... Bh6 29. Ra8+ Ne8 30. g3 Rd7 31. Na5 $18) 29. hxg5 Kd7
30. Na5 Kc8 31. c4 $1 Rxg5 (31... Rd2 32. b4 cxb4 33. c5 Ne4 34. c6 $18) 32.
Rd1 Rg6 33. Rd5 Nb7 34. Nxb7 Kxb7 35. Rxc5 Rxb6 36. Rxh5 Rxb2 37. Rh7 $18 Kc6
38. Rxg7 Rb7 39. Rg5 Kd6 40. Rd5+ Ke6 41. Rd1 Rb2 42. Rc1 Kd6 43. c5+ Kc6 44.
g3 Rb3 45. Kg2 f5 46. Rc4 Rd3 47. Kh3 Rd2 48. Rf4 Rd5 49. Kh4 1-0

[Event "EU-chT (Men) 14th"]
[Site "Plovdiv"]
[Date "2003.10.14"]
[Round "4.2"]
[White "Jobava, Baadur"]
[Black "Mamedyarov, Shakhriyar"]
[Result "1/2-1/2"]
[WhiteElo "2605"]
[BlackElo "2595"]
[Annotator "Huzman,A"]
[PlyCount "58"]
[EventDate "2003.10.10"]
[EventType "team-swiss"]
[EventRounds "9"]
[EventCountry "BUL"]
[SourceTitle "CBM 098"]
[Source "ChessBase"]
[SourceDate "2004.02.03"]
[SourceVersion "1"]
[SourceVersionDate "2004.02.03"]
[SourceQuality "1"]
[WhiteTeam "Georgia"]
[BlackTeam "Azerbaijan"]
[WhiteTeamCountry "GEO"]
[BlackTeamCountry "AZE"]

1. e4 e5 2. Nf3 Nf6 3. Nxe5 d6 4. Nf3 Nxe4 5. d4 d5 6. Bd3 Bd6 7. O-O O-O 8. c4
c6 9. Qc2 Na6 10. a3 Bg4 11. c5 Bb8 12. Ne5 Bxe5 13. dxe5 Nexc5 14. Bxh7+ Kh8
15. b4 Qh4 16. Bd3 Nxd3 17. Qxd3 Qh5 $1 {[%mdl 32] Taking control over the
white squares and securely blocking White's pawns. As opposed, their black
counterparts can be set in motion any time.} (17... Nc7 18. h3 Bh5 19. f4 f5
20. Nd2 Ne6 21. Nb3 b6 22. Nd4 Nxd4 23. Qxd4 Bf7 24. Be3 Rac8 25. Rac1 Rc7 26.
Rc3 Rfc8 27. Rfc1 $14 {1/2-1/2 Timman,J-Salov,V/Saint John 1988/Candidates (81)
}) 18. Re1 Bf5 (18... Nc7 $5) 19. Qg3 Nc7 20. Nd2 Ne6 21. Bb2 (21. Nb3 Rfd8 (
21... b6 22. Be3 $11) 22. Bb2 d4 23. Rad1 d3 $36) 21... b6 22. Nf1 c5 ({
Black should have prevented the "f1" N from getting to "e3", because using
this square as a springboard, it later proceeds to "d6" and secures White a
counterplay} 22... d4 $1 23. Qb3 Qg6 24. Rac1 (24. Ng3 Bd3 $17 {[%cal Yc6c4]})
24... c5 25. Red1 (25. Ng3 Bd3 $17) 25... Nf4 $1 26. Ng3 Be4 27. f3 Bd5 28. Qa4
Nd3 29. Rxd3 Qxd3 30. bxc5 bxc5 31. Rxc5 Qe3+ $1 32. Kf1 Rfd8 $140 $1 $17 33.
Qxd4 Bc4+ $19) 23. Ne3 d4 (23... Rfd8 24. Rad1 d4 25. Nc4 $132) 24. Nc4 b5 $5 {
This strategical pawn sac provides Black with an open "d"-file and a passing
"c4" P thus doing his cause a lot of good} (24... Qg4 25. Qxg4 Bxg4 26. Nd6 $13
) 25. Nd6 c4 26. Nxf5 Qxf5 27. Bxd4 $1 Rfd8 (27... Nxd4 $2 28. Qh4+ Kg8 29.
Qxd4 $16) 28. Be3 Kg8 29. h3 (29. a4 a5 $5 30. axb5 axb4) 29... Rd3 (29... Rd3
30. a4 Nd4 31. Rac1 a6 $44) 1/2-1/2

[Event "BIH-chT"]
[Site "Neum"]
[Date "2004.05.30"]
[Round "2.2"]
[White "Nisipeanu, Liviu Dieter"]
[Black "Bologan, Viktor"]
[Result "1/2-1/2"]
[WhiteElo "2692"]
[BlackElo "2665"]
[Annotator "Huzman,A"]
[PlyCount "60"]
[EventDate "2004.05.29"]
[EventType "team"]
[EventRounds "9"]
[EventCountry "BIH"]
[SourceTitle "CBM 102"]
[Source "ChessBase"]
[SourceDate "2004.09.23"]
[SourceVersion "1"]
[SourceVersionDate "2004.09.23"]
[SourceQuality "1"]
[WhiteTeam "Kiseljak"]
[BlackTeam "Sarajevo Bosna"]
[WhiteTeamCountry "BIH"]
[BlackTeamCountry "BIH"]

1. e4 e5 2. Nf3 Nf6 3. Nxe5 d6 4. Nf3 Nxe4 5. d4 d5 6. Bd3 Nc6 7. O-O Be7 8. c4
Nb4 9. Be2 O-O 10. a3 Nc6 11. cxd5 Qxd5 12. Nc3 Nxc3 13. bxc3 Na5 14. Re1 (14.
Rb1 b6 (14... c5 15. Qa4 Qd8 16. dxc5 Bxc5 17. Bg5 Qc7 (17... f6 $8 18. Rfd1
Qe8 $16) 18. Bf4 Qd8 19. Rfd1 $18 {1-0 Crut,A-Friot,E/Bescanon 1999/EXT 2000 
(23)}) (14... c6 15. Qa4 Qa2 16. Bd3 $16 {0-1 Li Ruofan-Koneru,H/Hyderabad
2002/CBM 90 ext (35)}) (14... a6 15. Ne5 Bf5 16. Bf3 Be4 17. Bxe4 Qxe4 18. Rb2
Qd5 19. Re2 Bd6 20. Rfe1 b5 $11 {1/2-1/2 Blehm,P-Urban,K/Koszalin 1998/CBM 65
ext (27)}) 15. Bf4 Bd6 16. Ne5 Bf5 17. Rb5 Qe4 18. Bg3 Qc2 19. Qe1 a6 20. Bd1
Qa2 $17 {0-1 Harper,R-Rene,M/Dos Hermanas 2004/CBM 99 ext (29)}) (14. Bf4 $5) (
14. Ne5 c5 (14... Bf6 15. Bf3 Qd8 16. Qa4 c6 17. Bf4 Be6 18. Rab1 b5 19. Qd1
Bxe5 20. Bxe5 Bd5 21. Re1 Re8 22. Bxd5 Qxd5 23. Qg4 $36 {1-0 Matras,
A-Hernandez,Y/Warsaw 2001/CBM 82 ext (60)}) (14... Qb3 15. Qd3 Qd5 16. Bf3 Qd6
17. Bf4 $16 {1-0 Susilodonata,A-Lintchevski,D/Oropesa del Mar 2000/EXT 2001 
(33)}) 15. Rb1 Bf5 16. Rb5 b6 17. Re1 Rad8 18. Bf3 Qd6 19. Qe2 cxd4 20. cxd4
Rc8 21. Bd5 Be6 $132 {1/2-1/2 Xu Yuhua-Koneru,H/Hyderabad 2002/CBM 90 ext (44)}
) 14... Bd6 (14... Bf6 15. Rb1 c6 16. a4 Bf5 17. Rb2 b6 18. Nd2 Rad8 19. Bf3
Qd7 20. Ne4 Be7 21. Rbe2 Rfe8 $14 {1/2-1/2 Krstic,U-Rade,M/Pula 2001/CBM 84
ext (43)}) 15. Nd2 (15. Be3 b5 (15... Nc4 $5) 16. Ne5 Bb7 17. Bf3 Qe6 {1/2-1/2
Baklan,V-Nielsen,P/Mainz GER 2004/(17)}) 15... Bd7 16. Bf3 Qf5 17. Nf1 (17. Be4
Qg4 18. Bf3 (18. Qxg4 Bxg4 19. Rb1 Rfe8 20. f3 Bd7 $11) 18... Qg6 19. Nf1 (19.
Be4 Bf5 $15) 19... Rae8 20. Ne3 b5 $11 21. Bd2 Nc4 (21... c5 $5 $15) 22. Nxc4
bxc4 {[%cal Ye8b8,Yb8b3]} 23. Be3 Rb8 {1/2-1/2 Radjabov,T-Kramnik,V/Linares
ESP 2004/(23)} (23... Rb8 24. d5 Rb3 25. Qd4 Qd3 26. Be2 Qxc3 27. Bxc4 Rxa3 28.
Qxc3 Rxc3 29. Bf1 $11)) 17... Rae8 18. Ne3 Qf4 19. g3 Qf6 20. Kg2 (20. Bg2 $5
Bc6 (20... b5 21. a4 b4 (21... bxa4 $140 22. Rxa4 $1 $16) 22. Bd2 $1 (22. Nd5
Rxe1+ 23. Qxe1 Qg6 $1 24. cxb4 Nb3 $17) 22... Nc6 (22... b3 23. c4 b2 24. Rb1
Rxe3 25. Bxe3 Nxc4 26. Qb3 $16) 23. Nd5 Qg6 24. Nxb4 Bxb4 25. cxb4 Bg4 26. f3
$16) 21. Rb1 Bxg2 22. Kxg2 b6 $11) (20. Rb1 b6 21. Bg2 Bc6 $11) 20... b5 21. a4
b4 22. Bd2 Nc6 23. a5 (23. Nd5 Qg6 24. Nxb4 Bxb4 25. cxb4 Nxd4 $36) 23... Rb8
24. Be4 $1 (24. Nd5 Qg6 $11) 24... bxc3 25. Bxc3 Rfe8 26. Ng4 (26. Qd3 $1 Qh6 (
26... Nb4 27. Bxb4 Bxb4 28. Nd5 Qh6 29. Nxb4 Rxb4 30. Bf5 Qd6 31. Bxd7 Qxd7 32.
Qf5 $16) (26... h6 27. d5 Ne5 28. Qd2 $14) 27. Nf5 Bxf5 28. Bxf5 $14) 26...
Bxg4 27. Qxg4 Bb4 $1 28. Bxb4 (28. Rac1 Qd6 (28... Bxc3 29. Rxc3 Nxd4 30. Rxc7
a6 31. Bd5 $16) 29. Bxb4 Nxb4 30. Qf3 $14) 28... Nxb4 29. Qd7 (29. Rac1 Qd6 30.
Qf3 $14) 29... Qd6 $11 30. Qxd6 cxd6 1/2-1/2

[Event "FIDE-Wch k.o."]
[Site "New Delhi/Teheran"]
[Date "2000.12.14"]
[Round "6.3"]
[White "Adams, Michael"]
[Black "Anand, Viswanathan"]
[Result "1/2-1/2"]
[WhiteElo "2755"]
[BlackElo "2762"]
[Annotator "Huzman,A"]
[PlyCount "146"]
[EventDate "2000.11.27"]
[EventType "k.o."]
[EventRounds "7"]
[EventCountry "IND"]
[SourceTitle "CBM 081"]
[Source "ChessBase"]
[SourceDate "2001.03.20"]
[SourceVersion "1"]
[SourceVersionDate "2001.03.20"]
[SourceQuality "1"]

1. e4 e5 2. Nf3 Nf6 3. Nxe5 d6 4. Nf3 Nxe4 5. d4 d5 6. Bd3 Nc6 7. O-O Be7 8. c4
Nb4 9. Be2 O-O 10. Nc3 Bf5 11. a3 Nxc3 12. bxc3 Nc6 13. Re1 dxc4 14. Bxc4 Bd6
15. Ra2 {[%mdl 12] Important novelty.White are trying to win battle over only
open line.} (15. Bg5 Qd7 16. Nh4 (16. Ne5 Bxe5 17. dxe5 h6 18. Qxd7 Bxd7 19.
Bh4 Be6 20. Bd3 g5 21. Bg3 Ne7 22. f4 Rad8 23. Be4 b6 24. Rf1 Bf5 $11 {1/2-1/2
Bologan,V-Karpov,A/Buenos Aires ARG 2000 (32)}) 16... Na5 17. Ba2 Be6 (17...
Bg4 18. Qd3 (18. Qc2 Rae8 19. h3 Be6 20. c4 Be7 21. Bxe7 Qxe7 22. Nf3 Qd8 (
22... Qd7 23. Qc3 b6 24. Rad1 f6 25. Nd2 Bf7 $11 {1/2-1/2 Noskowicz,K-Lasota,Z/
POL-ch34 sf06 corr 1990/CR97-90 (34)}) 23. d5 Bc8 24. c5 {1/2-1/2 Ljubojevic,
L-Yusupov,A/Barcelona WCup 1989/MAS C42 AY (24)}) (18. f3 Be6 19. d5 Bf5) 18...
Rae8 (18... h6 $2 19. Bxh6) 19. h3 (19. f3 Be6 20. d5 f6 21. Be3 (21. dxe6 $2
Bxh2+ (21... Bc5+ 22. Qe3 Bxe3+ 23. Bxe3 Qc6 24. e7+ Rf7 $17 {[%cal Ya5c4]})
22. Kxh2 Qxd3 23. e7+ Rf7 24. Rad1 Qb5 $19) 21... Bf7 22. c4 b6 $11) 19...
Rxe1+ 20. Rxe1 Re8 21. Re3 (21. Rxe8+ $5 Qxe8 22. Be3 Be6 23. c4 Qa4 24. d5 Bd7
25. c5 Bf8 26. Nf3 $36) 21... Rxe3 (21... Bh5 22. g4 (22. Bb1 Bg6 23. Nxg6 hxg6
$11) 22... Rxe3 (22... Bg6 23. Rxe8+ Qxe8 24. Nxg6 hxg6 25. Qxg6 $16) 23. Qxe3
Bg6 24. Nxg6 hxg6 25. Qe4 $14) 22. Bxe3 Be6 $1 23. d5 Bxh3 24. gxh3 Qxh3 25.
Qf5 (25. Nf5 Bh2+ 26. Kh1 Bg3+ $11) 25... Qxh4 26. Qc8+ Bf8 27. Bc5 Qg5+ $11 {
1/2-1/2 Svidler,P-Adams,M/New Delhi IND 2000/ (32)}) 18. Bxe6 fxe6 19. Nf3 (19.
Qg4 Rae8 20. Nf3 Qf7 $5 $11 {[%cal Yf7f5]}) 19... Rae8 20. Bh4 (20. Qd3 Qc6 21.
Ne5 Bxe5 22. Rxe5 b6 $132 {[%cal Ya5c4]}) 20... Qc6 21. Qc2 {/\22.Ng5} h6 22.
Bg3 Qd5 $11 23. a4 (23. Ne5 Nc4 24. Qg6 Bxe5 25. Bxe5 Re7 $11) 23... Nc4 24.
Re4 a6 25. Qe2 Qc6 $1 {[%cal Yc6c3,Yc6a4]} 26. Re1 Bxg3 27. hxg3 Nd6 28. Rxe6
Qxc3 29. Re5 Qb3 {1/2-1/2 Adams,M-Anand,V/New Delhi IND 2000 (29)}) (15. Ng5
Qd7 16. Qf3 (16. Ra2 $5) 16... Rae8 17. Rxe8 Rxe8 18. Bd2 Nd8 $1 19. Bd3 Bxd3
20. Qxd3 f5 $11 21. c4 Be7 $1 22. Nf3 Bf6 23. Rb1 b6 {/\24...c5} 24. c5 Qd5 (
24... bxc5 $5 25. Qc4+ Ne6 26. dxc5 (26. d5 Nd4 27. Nxd4 Bxd4 28. Rb7 a6) 26...
c6 $11) 25. cxb6 cxb6 26. Rb5 Qe4 27. Qc4+ Kh8 28. h3 h6 (28... Ne6 $5 29. Rd5
b5 $1 30. Rxb5 Nxd4 31. Nxd4 Bxd4 32. Qb4 $11) 29. Rb3 Qc6 30. Qd3 Qd5 31. Qb5
Qxb5 32. Rxb5 Ne6 33. Rd5 Kg8 34. Rd7 Rd8 35. Rxa7 Nxd4 36. Nxd4 Bxd4 37. Kf1
Bxf2 38. Bxh6 Bd4 39. Bd2 Re8 40. Rd7 Re4 41. g3 {1/2-1/2 Topalov,V-Adams,M/
New Delhi 2000/ (41)}) 15... Qd7 (15... Na5 16. Bd3 Bxd3 17. Qxd3 Re8 18. Rae2
Rxe2 19. Rxe2 h6 20. c4 $36) 16. Ng5 Bg6 (16... Na5 17. Bd3 Rfe8 18. Rae2 Rxe2
19. Qxe2 h6 20. Ne4 $14) (16... h6 17. Ne4 Rae8 18. Rae2 $14) 17. Ne4 Rfe8 18.
Rae2 Bxe4 19. Rxe4 Rxe4 20. Rxe4 Re8 21. f3 $5 (21. Qe2 Rxe4 22. Qxe4 Qe7 23.
f3 $14) 21... Nd8 22. Bb3 (22. Qe2 Re7 23. Bb3 (23. Bg5 Rxe4 24. fxe4 Bxa3 25.
Bxd8 Qxd8 26. Qa2 Qe7 27. Bxf7+ Qxf7 28. Qxa3 $11) 23... c6 24. a4 Ne6 $14)
22... c6 23. a4 Ne6 24. g3 Nc7 $14 25. Kg2 b6 26. Qd3 Nd5 27. Bg5 Bf8 28. h4 g6
29. Qd2 h6 $1 30. Bf4 (30. Bxh6 Bxh6 31. Qxh6 Rxe4 32. fxe4 Qg4 $1 33. exd5 (
33. Bxd5 Qe2+ 34. Kh3 cxd5 35. exd5 Qf1+ $11) 33... Qe2+ 34. Kh3 Qf1+ 35. Kh2 (
35. Kg4 $4 Qf5#) 35... Qf2+ $11) 30... Rxe4 31. fxe4 Nxf4+ 32. Qxf4 Kg7 33. h5
$1 (33. e5 Qf5 34. Qxf5 gxf5 35. Kf3 Ba3 $132 {[%cal Ya3b2,Yb2e5] /=}) 33...
gxh5 (33... g5 $6 34. Qf3 f6 35. e5 $36 {[%csl Rg7]}) 34. e5 Kg8 35. Qf3 Bg7
36. Qxh5 c5 $1 {White has obvious advantage here,but they didn`t find a way to
start an attack,which could be dangerous because of opposite coloured Bishops}
37. Qf3 cxd4 38. cxd4 Qe7 39. Qc6 Bf8 40. Qg6+ Bg7 41. Qf5 Qe8 42. Kh2 Qe7 43.
Kg1 Qe8 44. Kf2 Kf8 45. Ke3 Kg8 46. Kd3 Qe7 47. g4 Bf8 48. Bd5 Qa3+ 49. Ke4 Qe7
50. Qg6+ Bg7 51. Qc6 Bf8 52. Qb7 Qxb7 53. Bxb7 Bb4 54. d5 Kf8 55. Kf5 Be7 56.
Ba6 Bg5 {Now Black are out of danger.} 57. d6 Bh4 58. Bb5 Bg3 59. Ke4 Bh2 60.
Kf5 Bg3 61. Bc4 Bh4 62. Bd5 Ke8 63. Bc4 Kf8 64. Bb5 Bg3 65. Bc6 Bh4 66. Ke4 Bg5
67. Bb5 Bh4 68. Kd5 Bg3 69. e6 fxe6+ 70. Kxe6 Bf4 71. d7 Bc7 72. Kf6 Bd8+ 73.
Kg6 Bg5 1/2-1/2